Online
Catalog

La joven de la flecha de oro y otros relatos / (Record no. 6471)

MARC details
000 -CABECERA
campo de control de longitud fija 01026cam a2200289 a 4500
001 - NÚMERO DE CONTROL
campo de control 000006682
005 - FECHA Y HORA DE LA ÚLTIMA TRANSACCIÓN
campo de control 20200929153956.0
008 - DATOS DE LONGITUD FIJA--INFORMACIÓN GENERAL
campo de control de longitud fija 850806s1984 cu b 000 f spa d
040 ## - FUENTE DE LA CATALOGACIÓN
Centro catalogador/agencia de origen DO-SdBNP
Lengua de catalogación spa
Centro/agencia transcriptor DLC
Centro/agencia modificador BNPHU
082 ## - NÚMERO DE LA CLASIFICACIÓN DECIMAL DEWEY
Número de clasificación Cu863.2
Número de documento/Ítem V727j
049 ## - FONDOS LOCALES (OCLC)
Fondos de biblioteca BNGR
100 1# - ENTRADA PRINCIPAL--NOMBRE DE PERSONA
Nombre de persona Villaverde, Cirilo,
Fechas asociadas al nombre 1812-1894.
9 (RLIN) 2315
245 13 - MENCIÓN DE TÍTULO
Título La joven de la flecha de oro y otros relatos /
Mención de responsabilidad, etc. Cirilo Villaverde ; selección, prólogo y notas de Imeldo Álvarez ; edición de Ana María Muñoz.
260 ## - PUBLICACIÓN, DISTRIBUCIÓN, ETC.
Lugar de publicación, distribución, etc. La Habana :
Nombre del editor, distribuidor, etc. Letras Cubanas,
Fecha de publicación, distribución, etc. 1984.
300 ## - DESCRIPCIÓN FÍSICA
Extensión 751 p. ;
Dimensiones 24 cm.
490 1# - MENCIÓN DE SERIE
Mención de serie Letras cubanas siglo XIX
504 ## - NOTA DE BIBLIOGRAFÍA, ETC.
Nota de bibliografía, etc. Incluye referencias bibliográficas.
650 #4 - PUNTO DE ACCESO ADICIONAL DE MATERIA--TÉRMINO DE MATERIA
Término de materia o nombre geográfico como elemento de entrada Novela cubana
9 (RLIN) 2316
650 #4 - PUNTO DE ACCESO ADICIONAL DE MATERIA--TÉRMINO DE MATERIA
Término de materia o nombre geográfico como elemento de entrada Literatura cubana
9 (RLIN) 1483
650 #4 - PUNTO DE ACCESO ADICIONAL DE MATERIA--TÉRMINO DE MATERIA
Término de materia o nombre geográfico como elemento de entrada Matrimonio
Subdivisión general Novela
9 (RLIN) 18617
650 #4 - PUNTO DE ACCESO ADICIONAL DE MATERIA--TÉRMINO DE MATERIA
Término de materia o nombre geográfico como elemento de entrada Infidelidad
Subdivisión general Novela
9 (RLIN) 18618
700 1# - PUNTO DE ACCESO ADICIONAL--NOMBRE DE PERSONA
Nombre de persona Álvarez, Imeldo,
Término indicativo de función/relación pról.
Fechas asociadas al nombre 1928-
9 (RLIN) 18619
700 1# - PUNTO DE ACCESO ADICIONAL--NOMBRE DE PERSONA
Nombre de persona Muñoz, Ana María,
Término indicativo de función/relación ed.
9 (RLIN) 18620
830 #0 - PUNTO DE ACCESO ADICIONAL DE SERIE-TÍTULO UNIFORME
Título uniforme Letras cubanas siglo XIX
9 (RLIN) 18621
910 ## - DATOS DE OPCIÓN DEL USUARIO (OCLC)
Datos de opción del usuario Catalogación por copia / LC
910 ## - DATOS DE OPCIÓN DEL USUARIO (OCLC)
Datos de opción del usuario WM
Holdings
Estado de retiro Estado de pérdida Restricciones de uso No para préstamo Código de colección Localización permanente Ubicación/localización actual Ubicación en estantería Fecha de adquisición Número de inventario Total de préstamos Signatura topográfica completa Código de barras Fecha visto por última vez Precio válido a partir de Tipo de ítem Koha
        Monografías: Libros y Folletos General General Depósito 01.09.2009 LF1   Cu863.2 V727j 6682-10 25.06.2020 25.06.2020 Préstamo en sala

Powered by Koha